Sančin kata Godžu-rju Karatedó : Príručka pre učiteľov Karate

Guardado en:
Detalles Bibliográficos
Autor principal: Miklovič, Peter, 1975- (Autor)
Formato: Libro
Lenguaje:eslovaco
Publicado: Bratislava : Peter Mačura - PEEM, 2002
Edición:1. vyd.
Materias:
Etiquetas: Agregar Etiqueta
Sin Etiquetas, Sea el primero en etiquetar este registro!

MARC

LEADER 00000nam a22000003a 4500
001 stu78960
005 20150617225643.2
008 030210s2002----xo------------------slo-d
020 |a 80-88901-65-0 
040 |a STU  |b slo 
041 0 |a slo 
044 |a xo 
080 |a 796 
100 1 |a Miklovič, Peter,  |d 1975-  |4 aut  |u E8340  |U FEI Fakulta elektrotechniky a informatiky  |T FEI Technologický inštitút športu  |X 2150  |U E8340  |Y 473  |7 A000002150 
245 1 |a Sančin kata Godžu-rju Karatedó :  |b Príručka pre učiteľov Karate 
250 |a 1. vyd. 
260 |a Bratislava :  |b Peter Mačura - PEEM,  |c 2002 
300 |a 66 s 
650 7 |a výchova telesná  |2 stusub 
650 7 |a Karate  |2 stusub 
996 |b 284M039009  |c M*11046-1  |l MMKN  |s A  |a 24  |w stu78960_0001